000
00320nam a22001337a 4500
999
_c
5713
_d
5711
005
20210831130325.0
008
180628b xxu||||| |||| 00| 0 eng d
041
_a
eng
100
_a
BANGIA, DR, R.K.
_9
6845
245
_a
LAW OF TORTS
260
_a
FARIDABAD
_b
ALLAHABAD LAW AGENCY
_c
2017
300
_a
703p,
942
_c
BK